000
00379nam a22001577a 4500
003
MPLRDC
005
20220104125551.0
008
210129b ||||| |||| 00| 0 eng d
082
_a
494.3 SJZJ
100
_a
士井正己
245
_a
自发性的人事管理
_c
260
_a
_b
现代工商出版社
_c
300
_b
平
650
_a
人事管理
942
_c
BK
_o
494.3 SJZJ
999
_c
28387
_d
28377